| 000 | 01118nam a22002777a 4500 | ||
|---|---|---|---|
| 005 | 2010101908158.0 | ||
| 008 | 101019t xxu||||| |||| 00| 0 hin d | ||
| 010 | _aHIN-94109 | ||
| 020 |
_c250.00 _a9788176753142 |
||
| 035 | _aHN-66455 | ||
| 037 | _bDBAD / PUB | ||
| 040 |
_aDPL _bHN |
||
| 082 | _a305.56 | ||
| 100 |
_923632 _aचौधरी,उमा शंकर |
||
| 245 |
_aदलित विमर्श / _cउमा शंकर चौधरी |
||
| 260 |
_aहरियाणा _bआधार प्रकाशन _c2011 |
||
| 270 |
_aएस.सी.एफ. 267,सेक्टर-16 पंचकुला _bहरियाणा _k134113 _e0172-2566952, 2520244 _maadhar-prakashan@yahoo.com |
||
| 300 | 1 |
_a167पृ _c22सेमी (सजिल्द) |
|
| 650 | _9657 | ||
| 650 | _934273 | ||
| 700 | _934278 | ||
| 710 |
_934811 _a |
||
| 710 | _935049 | ||
| 942 |
_2ddc _cHN _h305.56 _mचौधरी |
||
| 999 |
_c57172 _d57172 |
||